| 000 | 00467nam a2200157 i 4500 | ||
|---|---|---|---|
| 001 | 46005 | ||
| 003 | ES-MaACL | ||
| 005 | 20230906161320.0 | ||
| 007 | t| | ||
| 008 | 030327s1964 sp ||||1| spa d | ||
| 110 | 2 |
_aConfederación Española de Cajas de Ahorros. _bServicio de Estudios. _93151 |
|
| 245 | 1 | 3 | _aLa economía española en 1963. |
| 260 |
_aMadrid : _b[s.n., _c1964] ( _fTipo-Línea) |
||
| 300 |
_a196 p. ; _c24 cm. |
||
| 852 |
_aES-MaACL _jC-25362 _bR.54267 |
||
| 999 |
_c46005 _d46005 |
||